Statistics for Updated Top 5 Cities in Connecticut by Population

Click here to take the quiz!

General Stats

  • This quiz has been taken 33 times
  • The average score is 4 of 5

Answer Stats

CountyCity% Correct
New HavenNew Haven
100%
---------Hartford
96%
FairfieldBridgeport
88%
FairfieldStamford
63%
New HavenWaterbury
42%

Score Distribution

Percentile by Number Answered

Percent of People with Each Score

Your Score History

You have not taken this quiz